00602nam a2200193Ia 4500003000900000008004100009040001600050080001500066100002300081245003300104260004100137300001600178490003200194650001900226650002800245942000700273999001500280952011300295IN-BaIIA211028s9999 xx 000 0 eng d cIIA Library a581.2bMAT aMathur, R. S97251 0aPlant diseasescR. S. Mathur aNew DelhibNational Book Trustc1969 aviii, 128p. aIndia : the land and people aNASA thesaurus aPlants - diseases97252 cBK c4112d4112 00104070aBANbBANcGENd1973-03-15g5.86l0o581.2/ MATp4585r2021-11-05v5.86w1973-03-15yBKGRs. 5.86